Devinez l'année de cet événement historique ? - Statistiques

Statistiques générales
  • Ce quiz a été pris 138 fois
  • Le résultat moyen est 12 sur 15
Statistiques - réponses
Question Réponse % Correct
En quelle année le mur de Berlin est-il tombé ? 1989
99%
En quelle année ont eu lieu les attentats du 11 septembre ? 2001
97%
En quelle année la Seconde Guerre mondiale a-t-elle pris fin ? 1945
94%
En quelle année Christophe Colomb a-t-il découvert l'Amérique ? 1492
89%
En quelle année l’Homme a-t-il marché sur la Lune pour la première fois ? 1969
89%
Quelle année a vu la chute de l’Union soviétique, marquant la fin de la Guerre froide ? 1991
86%
En quelle année le Titanic a-t-il coulé après avoir heurté un iceberg ? 1912
84%
Quand s’est déroulée la bataille de Waterloo, où Napoléon a été vaincu ? 1815
82%
En quelle année la Déclaration d’indépendance des États-Unis a-t-elle été signée ? 1776
78%
Quelle année a vu l’assassinat de John F. Kennedy à Dallas ? 1963
77%
Quelle année marque l’inauguration de la Tour Eiffel, à l’occasion de l’Exposition universelle ? 1889
72%
En quelle année l’Empire romain d’Occident s’est-il effondré ? 476
71%
En quelle année s’est déroulée la première Coupe du Monde de football ? 1930
67%
En quelle année le premier homme a-t-il été envoyé dans l’espace ? 1957
58%
En quelle année le premier vol des frères Wright a-t-il eu lieu ? 1903
48%
Aucun quiz correspondant
Distribution des résultats
% des personnes avec chaque résultat
Percentile par nombre de réponses
Votre historique - résultats
Vous n’avez pas pris ce quiz